All Songs From Geese's Albums - Statistics

General Stats
  • This quiz has been taken 104 times
  • The average score is 20 of 31
Answer Stats
Answer % Correct
Trinidad
97%
3D Country
94%
Cobra
94%
Taxes
91%
2122
89%
Au Pays du Cocaine
89%
Getting Killed
87%
Husbands
85%
100 Horses
82%
Cowboy Nudes
82%
Long Island City Here I Come
81%
Bow Down
78%
I See Myself
75%
Crusades
73%
Half Real
72%
Domoto
70%
Projector
70%
Islands of Men
66%
Tomorrow's Crusades
66%
St. Elmo
62%
Gravity Blues
58%
Mysterious Love
57%
Undoer
57%
Low Era
46%
Disco
35%
Rain Dance
33%
Fantasies / Survival
30%
Exploding House
20%
Bottle
18%
First World Warrior
16%
Opportunity Is Knocking
14%
No matching quizzes found
Score Distribution
Percent of People with Each Score
Percentile by Number Answered
Your Score History
You have not taken this quiz